000 00295nam a22001337a 4500
008 171021b xxu||||| |||| 00| 0 eng d
020 _a9780787964276
041 _aeng
080 _a658
100 _a54
101 _aLIN
245 _aREFRAMING ORGANIZATIONS
_cBOLMAN, L.G
942 _2udc
_cBK
999 _c35323
_d35323